000 00842nam a2200229Ii 4500
003 JO-AjNU
008 230605s9999||||xx |||||||||||||| ||und||
017 _a2007/1/228
020 _a978-9957-16-309-9
040 _aJO-AjNU
_bara
_erda
_cJO-AjNU
041 _aara
050 1 4 _aKMM399.F3764.2015
100 3 _a الفار، عبد القادر؛ مراجعة وتدقيق ، ملكاوي ، بشار عدنان ,
_eauthor
_950671
245 0 0 _aأحكام الالتزام : آثار الحق في القانون المدني
250 _aط16
264 3 1 _aعمان : دار الثقافة ، 2015
300 _a288ص
336 _atext
_btxt
_2rdacontent
337 _aunmediated
_bn
_2rdamedia
338 _avolume
_bnc
_2rdacarrier
650 4 _aالقانون المدني -- أصول المحاكمات -- الاردن
_950672
999 _aA22335
_c25903
_d25903